Ubránia sa európske textilky? Dovoz z Číny a reštrukturalizácia odevného priemyslu

Podiel reštrukturalizácie textilného a odevného priemyslu na znižovaní pracovných miest v Európskej únii. Prudké zvýšenie dovozu textilného a odevného tovaru z Číny do krajín EÚ. Dohoda MFA (Multi Fibre Arrangement). Ochranné opatrenia EÚ proti pôsobeniu zahraničného trhu.

Uložené v:
Podrobná bibliografia
Hlavný autor: Kvoriaková, Jana
Médium: Kapitola
Jazyk:Slovak
Predmet:
Tagy: Pridať tag
Žiadne tagy, Buďte prvý, kto otaguje tento záznam!

MARC

LEADER 00000naa a2200000 4500
001 r024893
005 20221205091010.4
041 0 |a slo 
044 |a SK 
245 1 0 |a Ubránia sa európske textilky?  |b Dovoz z Číny a reštrukturalizácia odevného priemyslu  |c J. Kvoriaková 
520 |a Podiel reštrukturalizácie textilného a odevného priemyslu na znižovaní pracovných miest v Európskej únii. Prudké zvýšenie dovozu textilného a odevného tovaru z Číny do krajín EÚ. Dohoda MFA (Multi Fibre Arrangement). Ochranné opatrenia EÚ proti pôsobeniu zahraničného trhu. 
610 2 0 |a priemysel odevný 
610 2 0 |a priemysel textilný 
610 2 0 |a reštrukturalizácia 
610 2 0 |a Európska únia 
610 2 0 |a Čína 
610 2 0 |a vývoz 
610 2 0 |a protekcionizmus 
610 2 0 |a kvóty 
610 2 0 |a výrobky textilné 
100 1 |a Kvoriaková, Jana